Human rights and society (Record no. 394557)

MARC details
000 -LEADER
fixed length control field 00467 a2200181 4500
005 - DATE & TIME
control field 20260213163031.0
008 - FIXED-LENGTH DATA ELEMENTS--GENERAL INFORMATION
fixed length control field 260206b |||||||| |||| 00| 0 eng d
020 ## - ISBN
International Standard Book Number 9789395975742
Price Rs. 1250.00
040 ## - CATALOGING SOURCE
Original cataloging agency VIVEKANANDA LIBRARY
082 ## - DDC NUMBER
Classification number 323
Book Number M687H
100 ## - MAIN ENTRY--PERSONAL NAME
Personal name Mishra, Sabita
245 ## - TITLE STATEMENT
Title Human rights and society
260 ## - PUBLICATION, DISTRIBUTION, ETC. (IMPRINT)
Name of publisher, distributor, etc Sarup ,Book Publishers
Date of publication, distribution, etc 2024
Place of publication, distribution, etc New Delhi
300 ## - PHYSICAL DESCRIPTION
Pages ix, 227
650 ## - Subject
Subject Political Science
650 ## - Subject
Subject Human Rights
942 ## - ADDED ENTRY ELEMENTS (KOHA)
Koha item type Books
Holdings
Withdrawn status Lost status Source of classification or shelving scheme Damaged status Not for loan Location (home branch) Sublocation or collection (holding branch) Shelving location Date acquired Koha issues (times borrowed) Koha full call number Accession No. Koha date last seen Koha item type
    Dewey Decimal Classification     VIVEKANANDA LIBRARY VIVEKANANDA LIBRARY Vivekananda Library 27/01/2026   323 M687H 444340 27/01/2026 Books
© Designed and Maintained by Vivekananda Library, MDU Rohtak